Capoluoghi più vicini a Milano - Statistics

Statistiche generali
  • Questo quiz è stato fatto 120 volte
  • Il punteggio medio è 13 su 15
Statistiche sulle risposte
Distanza (km) Capoluogo % Corretto
45 Bergamo
98%
39 Como
98%
80 Brescia
97%
15 Monza
96%
49 Varese
93%
46 Lecco
92%
31 Pavia
90%
30 Lodi
89%
74 Cremona
87%
44 Novara
81%
60 Piacenza
78%
77 Alessandria
75%
62 Vercelli
73%
89 Biella
64%
71 Verbania
62%
Nessun quiz corrispondente trovato
Distribuzione punteggi
Percentuale di utenti per punteggio
Percentile per numero di risposta
I tuoi punteggi nel tempo
Non hai fatto questo quiz